Le poesie /
Guardat en:
| Autor principal: | |
|---|---|
| Altres autors: | |
| Format: | Llibre |
| Idioma: | italià |
| Publicat: |
Milano :
Garzanti,
1976
|
| Edició: | 2. ed |
| Col·lecció: | I Garzanti ;
317 |
| Etiquetes: |
Sense etiquetes, Sigues el primer a etiquetar aquest registre!
|
MARC
| LEADER | 00000nam a22000007i 4500 | ||
|---|---|---|---|
| 001 | IT\ICCU\MOD\0391622 | ||
| 003 | ItRI | ||
| 005 | 20250816172020.0 | ||
| 008 | 010330s1976 it |||||| ||||| |||||c | ||
| 040 | |b ita |c Arcigay Viterbo | ||
| 041 | 7 | |a ita |2 ISO-639-2 | |
| 100 | 1 | |a Gozzano, Guido |0 IT\ICCU\CFIV\002861 |4 aut | |
| 245 | 1 | 3 | |a Le poesie / |c Guido Gozzano ; saggio introduttivo di Eugenio Montale. |
| 250 | |a 2. ed | ||
| 260 | |a Milano : |b Garzanti, |c 1976 | ||
| 300 | |a 198 p. ; |c 18 cm. | ||
| 700 | 1 | |a Montale, Eugenio |0 IT\ICCU\CFIV\009383 | |
| 830 | 2 | |a I Garzanti ; |v 317 |0 IT\ICCU\CFI\0000917 | |
| 942 | |2 ddc |c BK |n 0 | ||
| 952 | |0 0 |1 0 |2 ddc |4 0 |6 851_912000000000000_GOZ_POE |7 0 |9 9545 |a VT |b VT |d 2025-08-16 |e Donazione Alfonso Antoniozzi |i B260 |l 0 |o 851.912 GOZ POE |p B260 |r 2025-08-16 17:20:56 |w 2025-08-16 |y BK |z Donazione Alfonso Antoniozzi | ||
| 981 | 1 | |6 z01 |a i |b xxxe | |
| 982 | 1 | |6 z01 |a n | |
| 999 | |c 7959 |d 7959 | ||